| 000 | 00555nam a2200145Ia 4500 | ||
|---|---|---|---|
| 008 | 220216s9999 xx 000 0 und d | ||
| 100 | _aSatheesan K.V. | ||
| 245 | 0 | _aClonal and seasonal variations in osmotic concentration of latex and lutoid serums of Hevea brasiliensis Muell. Arg. | |
| 260 |
_bPlacrosym V, 1982, Kasaragod, India. (Ed. K.V. Ahmed Bavappa). Indian Society for Plantation Crops, Kasaragod, India, pp. 240-246. _c1984 |
||
| 650 | _aClone evaluation | ||
| 650 | _aLutoid | ||
| 700 | _aRao G.G. | ||
| 700 | _aSethuraj M.R. | ||
| 942 | _cBS | ||
| 999 |
_c52891 _d52891 |
||